[Event "46th GRE-chT Premier 2018"]
[Site "Rio Achaia"]
[Date "2018.07.14"]
[Round "6"]
[White "Warakomski, Tomasz"]
[Black "Postny, Evgeny"]
[Result "1-0"]
[WhiteElo "2505"]
[BlackElo "2585"]
[Annotator "TA"]
[PlyCount "123"]
[EventDate "2018.07.10"]
[EventType "team-tourn"]
[EventCountry "GRE"]
[SourceTitle "playchess.com"]
[Source "ChessBase"]
[SourceQuality "1"]

1. e4 e5 2. Nc3 Nf6 3. g3 d5 4. exd5 Nxd5 5. Bg2 Nf6 6. Nf3 Nc6 7. O-O Bc5 8. d3 O-O 9. a3 Re8 10. b4 Bd6 11. Re1 a6 12. Bb2 Bg4 13. h3 Bf5 14. Ng5 h6 15. Nge4 Nh7 16. Nd5 Be6 17. c4 Qd7 18. Qh5 Rad8 19. f4 f6 20. Nxd6 cxd6 21. Kh2 Ne7 22. Ne3 Nf8 23. Qf3 b5 24. Rad1 Nfg6 25. fxe5 Nxe5 26. Qf1 d5 27. Nc2 N7c6 28. Nd4 Nxd4 29. Bxd4 Bf7 30. cxb5 axb5 31. Rc1 Nc6 32. Bc5 Rxe1 33. Rxe1 Re8 34. d4 Rxe1 35. Qxe1 Nd8 36. Qe2 Ne6 37. a4 bxa4 38. b5 Nd8 39. Bf1 Nb7 40. Qa2 Qc7 41. Qxa4 Bg6 42. b6 Qc8 43. Bg2 Be4 44. Bxe4 dxe4 45. Qc4+ Kh8 46. Qd5 e3 47. Kg2 e2 48. Kf2 Qxh3 49. Kxe2 Qh2+ 50. Kd3 Qxg3+ 51. Kc4 Qb8 52. Qf7 Qa8 53. Qf8+ Qxf8 54. Bxf8 h5 55. Kd5 h4 56. Bd6 h3 57. Bh2 Kg8 58. Kc6 Na5+ 59. Kb5 Nb7 60. Ka6 Nd8 61. b7 Nxb7 62. Kxb7 1-0

[Event "46th GRE-chT Premier 2018"]
[Site "Rio Achaia"]
[Date "2018.07.14"]
[Round "6"]
[White "Zawadzka, Jolanta"]
[Black "Paehtz, Elisabeth"]
[Result "1/2-1/2"]
[WhiteElo "2439"]
[BlackElo "2489"]
[Annotator "TA"]
[PlyCount "60"]
[EventDate "2018.07.10"]
[EventType "team-tourn"]
[EventCountry "GRE"]
[SourceTitle "playchess.com"]
[Source "ChessBase"]
[SourceQuality "1"]

1. e4 c5 2. Nf3 Nc6 3. d4 cxd4 4. Nxd4 Nf6 5. Nc3 e5 6. Ndb5 d6 7. Bg5 a6 8. Na3 b5 9. Nd5 Be7 10. Bxf6 Bxf6 11. c3 Bg5 12. Nc2 Rb8 13. a4 bxa4 14. Ncb4 Nxb4 15. cxb4 O-O 16. Qxa4 Bb7 17. Bc4 Bxd5 18. Bxd5 Qb6 19. O-O Bd2 20. Qxa6 Qxa6 21. Rxa6 Bxb4 22. b3 Bc5 23. g3 g6 24. Kg2 Kg7 25. Rc6 Rfc8 26. Rxc8 Rxc8 27. Rc1 Rb8 28. Ra1 f5 29. f3 Kf6 30. h4 h5 1/2-1/2

[Event "46th GRE-chT Premier 2018"]
[Site "Rio Achaia"]
[Date "2018.07.14"]
[Round "6"]
[White "Tzermiadianos, Andreas"]
[Black "Theodorou, Nikolas"]
[Result "1/2-1/2"]
[WhiteElo "2437"]
[BlackElo "2513"]
[Annotator "TA"]
[PlyCount "69"]
[EventDate "2018.07.10"]
[EventType "team-tourn"]
[EventCountry "GRE"]
[SourceTitle "playchess.com"]
[Source "ChessBase"]
[SourceQuality "1"]

1. e4 c5 2. Nf3 d6 3. Bb5+ Nd7 4. d4 cxd4 5. Qxd4 a6 6. Bxd7+ Bxd7 7. c4 Nf6 8. Bg5 e6 9. Nc3 Bc6 10. O-O Be7 11. Rfd1 O-O 12. Qd3 h6 13. Bh4 Qa5 14. Nd4 Rac8 15. a3 Qh5 16. Bg3 Rfd8 17. Rac1 Qg6 18. Nxc6 Rxc6 19. Bf4 Nd7 20. Qe2 Rdc8 21. Na2 Bg5 22. Bxg5 hxg5 23. Nb4 Rb6 24. Nd3 g4 25. Qe3 Qf6 26. b4 Rbc6 27. c5 dxc5 28. Nxc5 Ne5 29. Nxb7 Rxc1 30. Rxc1 Rxc1+ 31. Qxc1 Nd3 32. Qf1 Qc3 33. Nc5 Nf4 34. Qd1 Qxa3 35. Qd8+ 1/2-1/2

[Event "46th GRE-chT Premier 2018"]
[Site "Rio Achaia"]
[Date "2018.07.14"]
[Round "6"]
[White "Grivas, Efstratios"]
[Black "Leniart, Arkadiusz"]
[Result "0-1"]
[WhiteElo "2431"]
[BlackElo "2489"]
[Annotator "TA"]
[PlyCount "96"]
[EventDate "2018.07.10"]
[EventType "team-tourn"]
[EventCountry "GRE"]
[SourceTitle "playchess.com"]
[Source "ChessBase"]
[SourceQuality "1"]

1. d4 d5 2. c4 e6 3. Nf3 Nf6 4. Nc3 Be7 5. Bg5 O-O 6. e3 h6 7. Bh4 Ne4 8. Bxe7 Qxe7 9. Rc1 c6 10. Bd3 Nxc3 11. Rxc3 dxc4 12. Bxc4 Nd7 13. Bb3 c5 14. d5 exd5 15. Qxd5 Rb8 16. O-O b5 17. Rd1 c4 18. Bc2 Nf6 19. Qd4 Bg4 20. Ra3 Bxf3 21. gxf3 Rbd8 22. Qxa7 Rxd1+ 23. Bxd1 Qd6 24. Qd4 Qxd4 25. exd4 Rd8 26. b3 c3 27. b4 Nd5 28. Rb3 Rc8 29. Bc2 Rc4 30. a3 Rxd4 31. Rb1 Nf4 32. Kf1 Rd2 33. Rc1 Kf8 34. Be4 g6 35. Ke1 Ng2+ 36. Kf1 Nf4 37. Ke1 f5 38. Bb1 Ng2+ 39. Kf1 Nf4 40. Ke1 Rb2 41. Bc2 Ra2 42. Kd1 Rxa3 43. Rb1 Ra8 44. Bb3 Rd8+ 45. Kc2 Ne2 46. Rd1 Rxd1 47. Kxd1 Nd4 48. Bd5 g5 0-1

[Event "46th GRE-chT Premier 2018"]
[Site "Rio Achaia"]
[Date "2018.07.14"]
[Round "6"]
[White "Vlachos, Anatole"]
[Black "Stamatis, Ioannis"]
[Result "1-0"]
[WhiteElo "2428"]
[BlackElo "1777"]
[Annotator "TA"]
[PlyCount "81"]
[EventDate "2018.07.10"]
[EventType "team-tourn"]
[EventCountry "GRE"]
[SourceTitle "playchess.com"]
[Source "ChessBase"]
[SourceQuality "1"]

1. Nf3 Nf6 2. g3 d5 3. Bg2 c6 4. O-O Bg4 5. h3 Bxf3 6. Bxf3 e5 7. d3 Nbd7 8. e4 dxe4 9. dxe4 Bc5 10. Qe2 O-O 11. Nd2 Re8 12. Nb3 Bb6 13. a4 a5 14. Rd1 Qc7 15. Qc4 Rad8 16. Bd2 Nf8 17. Bc3 Ne6 18. h4 h5 19. Bd2 g6 20. Kg2 Nd7 21. Bc3 Nf6 22. Bd2 Nd7 23. c3 Ndc5 24. Be1 Nxb3 25. Qxb3 Rxd1 26. Rxd1 Rd8 27. Be2 Nc5 28. Rxd8+ Qxd8 29. Qc2 Qd7 30. Bc4 Kg7 31. b3 Ne6 32. Qe2 Qd6 33. Bd2 f6 34. Bc1 Qd7 35. Kf1 Nc5 36. Qe3 Qd1+ 37. Kg2 g5 38. hxg5 Nd3 39. gxf6+ Kf8 40. Qxd3 Qxc1 41. Qd6+ 1-0

[Event "46th GRE-chT Premier 2018"]
[Site "Rio Achaia"]
[Date "2018.07.14"]
[Round "6"]
[White "Tsolakidou, Stavroula"]
[Black "Kalogeris, Ioannis"]
[Result "0-1"]
[WhiteElo "2423"]
[BlackElo "2339"]
[Annotator "TA"]
[PlyCount "98"]
[EventDate "2018.07.10"]
[EventType "team-tourn"]
[EventCountry "GRE"]
[SourceTitle "playchess.com"]
[Source "ChessBase"]
[SourceQuality "1"]

1. d4 Nf6 2. c4 b6 3. Nc3 Bb7 4. Qc2 d6 5. e4 Nbd7 6. Nf3 e5 7. Be2 Be7 8. O-O O-O 9. Rd1 Qc8 10. Be3 Re8 11. Rac1 Ng4 12. Bd2 Nf8 13. d5 Ng6 14. h3 Nh6 15. b4 a5 16. a3 axb4 17. axb4 Nf4 18. Bxf4 exf4 19. Qd2 f5 20. Qxf4 Bf6 21. Nd4 Ra3 22. Bf1 Rxc3 23. Rxc3 Rxe4 24. Qf3 Bxd4 25. Rcd3 Be5 26. Re3 Rxe3 27. Qxe3 f4 28. Qf3 g6 29. c5 bxc5 30. bxc5 dxc5 31. Qb3 Kg7 32. Re1 Nf7 33. Qb5 Bxd5 34. Qxc5 c6 35. Rb1 Qd7 36. Re1 f3 37. g3 Qf5 38. Qe3 Qf6 39. Rb1 Bd4 40. Qd2 c5 41. Qc2 Qe6 42. Qd2 Nd6 43. Rb6 Qe5 44. Kh2 Ne4 45. Qf4 Qxf4 46. gxf4 Bxf2 47. Ra6 Bg3+ 48. Kg1 f2+ 49. Kg2 Bh4 0-1

[Event "46th GRE-chT Premier 2018"]
[Site "Rio Achaia"]
[Date "2018.07.14"]
[Round "6"]
[White "Zysk, Robert"]
[Black "Koyias, Konstantinos"]
[Result "1-0"]
[WhiteElo "2421"]
[BlackElo "2192"]
[Annotator "TA"]
[PlyCount "139"]
[EventDate "2018.07.10"]
[EventType "team-tourn"]
[EventCountry "GRE"]
[SourceTitle "playchess.com"]
[Source "ChessBase"]
[SourceQuality "1"]

1. d4 Nf6 2. Nf3 b6 3. c4 Bb7 4. Nc3 e6 5. a3 d5 6. cxd5 exd5 7. Bg5 Be7 8. e3 O-O 9. Bd3 Nbd7 10. O-O c5 11. Rc1 Ne4 12. Bxe7 Qxe7 13. dxc5 Nxc3 14. Rxc3 bxc5 15. b4 c4 16. Bf5 Nb6 17. Nd4 g6 18. Bc2 a5 19. b5 a4 20. Re1 Rfd8 21. Qb1 Qd6 22. Rd1 Qe7 23. g3 Rd6 24. Qb4 Qc7 25. Rd2 Rd7 26. Bd1 Qd6 27. Rb2 Qc7 28. Rc1 Rd6 29. Rd2 Kg7 30. Bf3 Rad8 31. Ne2 Kg8 32. Rd4 Nd7 33. Nc3 Nc5 34. Nxa4 Nxa4 35. Qxa4 Qc5 36. Kg2 Ra8 37. Qb4 Qxb4 38. axb4 Ra4 39. Rcxc4 dxc4 40. Rxd6 Bxf3+ 41. Kxf3 Rxb4 42. b6 c3 43. Rc6 c2 44. Rxc2 Rxb6 45. g4 h6 46. Rc5 Rb2 47. h4 Rb4 48. Kg3 Re4 49. Kf3 Ra4 50. e4 Ra3+ 51. Kg2 f6 52. g5 hxg5 53. hxg5 fxg5 54. Rxg5 Kf7 55. Rg3 Ra4 56. Kf3 Ra2 57. Rg5 Kf6 58. Rb5 Rc2 59. Kg3 Re2 60. Rb6+ Kf7 61. f3 Re3 62. Kg4 Ra3 63. Rb7+ Kf6 64. f4 Ra1 65. e5+ Ke6 66. Kg5 Rg1+ 67. Kh6 Rg3 68. Rb6+ Kf5 69. Rf6+ Ke4 70. e6 1-0

[Event "46th GRE-chT Premier 2018"]
[Site "Rio Achaia"]
[Date "2018.07.14"]
[Round "6"]
[White "Malikentzos, Sotirios"]
[Black "Pavlidis, Antonios"]
[Result "1/2-1/2"]
[WhiteElo "2420"]
[BlackElo "2564"]
[Annotator "TA"]
[PlyCount "92"]
[EventDate "2018.07.10"]
[EventType "team-tourn"]
[EventCountry "GRE"]
[SourceTitle "playchess.com"]
[Source "ChessBase"]
[SourceQuality "1"]

1. Nf3 Nf6 2. g3 g6 3. b3 Bg7 4. Bb2 O-O 5. Bg2 d6 6. d4 a5 7. c4 a4 8. O-O axb3 9. axb3 Rxa1 10. Bxa1 c6 11. Nc3 Bf5 12. Nh4 Bc8 13. Nf3 Bf5 14. Nh4 Bd7 15. Nf3 b5 16. d5 bxc4 17. bxc4 Qa5 18. Nd4 Rc8 19. dxc6 Nxc6 20. Nd5 Nxd5 21. Nxc6 Bxc6 22. cxd5 Ba4 23. Qe1 Qxe1 24. Rxe1 Rc2 25. Bxg7 Kxg7 26. f4 Rd2 27. Kf2 f5 28. Ke3 Ra2 29. Bf3 Bc2 30. Rc1 Kf6 31. h4 h6 32. Rh1 h5 33. Rc1 Kf7 34. Kd4 Kf6 35. Ke3 Kg7 36. Kd4 Kf7 37. Ke3 Kf6 38. Kf2 Kf7 39. Ke3 Ke8 40. Kf2 Kd7 41. Ke3 Kd8 42. Kd4 Ke8 43. Ke3 Kf8 44. Kf2 Kg7 45. Ke3 Kf6 46. Kf2 Kf7 1/2-1/2

[Event "46th GRE-chT Premier 2018"]
[Site "Rio Achaia"]
[Date "2018.07.14"]
[Round "6"]
[White "Secheres, Adrian-Simion"]
[Black "Lekic, Dusan"]
[Result "0-1"]
[WhiteElo "2415"]
[BlackElo "2356"]
[Annotator "TA"]
[PlyCount "88"]
[EventDate "2018.07.10"]
[EventType "team-tourn"]
[EventCountry "GRE"]
[SourceTitle "playchess.com"]
[Source "ChessBase"]
[SourceQuality "1"]

1. Nf3 d5 2. c4 c6 3. e3 Nf6 4. Nc3 e6 5. b3 Bd6 6. Bb2 O-O 7. Qc2 Re8 8. Be2 e5 9. cxd5 e4 10. Nd4 cxd5 11. Ncb5 Be5 12. Rc1 Na6 13. h3 Bd7 14. Qb1 Nc7 15. Nxc7 Bxc7 16. Nb5 Bb8 17. Bd4 a6 18. Na3 Re6 19. b4 b5 20. Qb3 Bc6 21. Rc3 Bb7 22. f4 exf3 23. gxf3 Nh5 24. Kd1 Qg5 25. Qc2 Bd6 26. Bd3 Qg2 27. Re1 Qxf3+ 28. Kc1 Bxb4 29. Bxh7+ Kh8 30. Bf5 Bxc3 31. dxc3 Rc6 32. Bg4 Qg3 33. Qd1 Nf6 34. Rg1 Qd6 35. Nc2 Bc8 36. Qe1 Bxg4 37. hxg4 Rac8 38. g5 Nh7 39. g6 fxg6 40. Qh4 Kg8 41. Kd1 g5 42. Qh3 Qe6 43. Qh2 a5 44. Be5 Qf5 0-1

[Event "46th GRE-chT Premier 2018"]
[Site "Rio Achaia"]
[Date "2018.07.14"]
[Round "6"]
[White "Papadopoulos, Ioannis K"]
[Black "Dorfanis, Ilarion"]
[Result "1-0"]
[WhiteElo "2410"]
[BlackElo "2179"]
[Annotator "TA"]
[PlyCount "55"]
[EventDate "2018.07.10"]
[EventType "team-tourn"]
[EventCountry "GRE"]
[SourceTitle "playchess.com"]
[Source "ChessBase"]
[SourceQuality "1"]

1. Nf3 d5 2. g3 Bg4 3. Bg2 c6 4. h3 Bh5 5. O-O Nd7 6. d3 e6 7. Qe1 Bd6 8. e4 Ne7 9. Nbd2 Qb6 10. a3 Bxg3 11. exd5 cxd5 12. Nc4 dxc4 13. Be3 Qxb2 14. fxg3 O-O 15. Bd4 Qb5 16. Rb1 Qd5 17. dxc4 Qxc4 18. g4 Bg6 19. Rxb7 Rad8 20. Kh1 Qd5 21. Rxa7 Nc6 22. Ne5 Qxd4 23. Nxc6 Qb6 24. Rb7 Qa6 25. Nxd8 Nc5 26. Rb8 Qd6 27. Qb4 Qc7 28. Nc6 1-0

[Event "46th GRE-chT Premier 2018"]
[Site "Rio Achaia"]
[Date "2018.07.14"]
[Round "6"]
[White "Kanakaris, Georgios"]
[Black "Warmerdam, Max"]
[Result "1/2-1/2"]
[WhiteElo "2409"]
[BlackElo "2424"]
[Annotator "TA"]
[PlyCount "65"]
[EventDate "2018.07.10"]
[EventType "team-tourn"]
[EventCountry "GRE"]
[SourceTitle "playchess.com"]
[Source "ChessBase"]
[SourceQuality "1"]

1. d4 e6 2. c4 b6 3. Nf3 Bb7 4. g3 Bb4+ 5. Bd2 Bxd2+ 6. Nbxd2 c5 7. e4 cxd4 8. Nxd4 Nf6 9. Bg2 d6 10. O-O O-O 11. Re1 a6 12. a4 Nbd7 13. Ra3 Qc7 14. Rc3 Rac8 15. h3 Rfe8 16. Qe2 Nc5 17. b3 e5 18. Nc2 Ne6 19. Nb1 Nd7 20. Ne3 Nd4 21. Qd1 Nc5 22. Nd2 Qd7 23. h4 b5 24. axb5 axb5 25. cxb5 Nxb5 26. Rc4 Nd4 27. Rc3 Ra8 28. Nec4 Ra6 29. b4 Na4 30. Rce3 Qb5 31. Qb1 Rc8 32. Bf1 Qd7 33. Ra3 1/2-1/2

[Event "46th GRE-chT Premier 2018"]
[Site "Rio Achaia"]
[Date "2018.07.14"]
[Round "6"]
[White "Szczepkowska, Karina"]
[Black "Stoumbou, Eleni"]
[Result "1-0"]
[WhiteElo "2396"]
[BlackElo "1811"]
[Annotator "NA"]
[PlyCount "49"]
[EventDate "2018.07.10"]
[EventType "team-tourn"]
[EventCountry "GRE"]
[SourceTitle "playchess.com"]
[Source "ChessBase"]
[SourceQuality "1"]

1. d4 c6 2. c4 d5 3. Nc3 e6 4. e3 f5 5. g4 Nf6 6. g5 Ne4 7. h4 b6 8. Bd3 Ba6 9. cxd5 Bxd3 10. Qxd3 exd5 11. Nge2 Bd6 12. Nd1 g6 13. Rg1 Bb4+ 14. Kf1 Be7 15. f3 Nd6 16. Nf4 Qc8 17. Nf2 Qa6 18. b3 Kf7 19. Bb2 Qxd3+ 20. N2xd3 Nd7 21. Ne5+ Nxe5 22. dxe5 Nb5 23. e6+ Kg8 24. a4 Nc7 25. h5 1-0

[Event "46th GRE-chT Premier 2018"]
[Site "Rio Achaia"]
[Date "2018.07.14"]
[Round "6"]
[White "Maier, Christian"]
[Black "Hadzimanolis, Antonios"]
[Result "0-1"]
[WhiteElo "2378"]
[BlackElo "2246"]
[Annotator "NA"]
[PlyCount "92"]
[EventDate "2018.07.10"]
[EventType "team-tourn"]
[EventCountry "GRE"]
[SourceTitle "playchess.com"]
[Source "ChessBase"]
[SourceQuality "1"]

1. Nf3 Nf6 2. c4 c5 3. g3 g6 4. b3 b6 5. Bb2 Bg7 6. Bg2 Bb7 7. O-O O-O 8. d3 d6 9. Nc3 Na6 10. e4 Nd7 11. d4 cxd4 12. Nxd4 Nb4 13. Nd5 Na6 14. Re1 Ne5 15. f4 Nd7 16. e5 dxe5 17. Nxe7+ Qxe7 18. Bxb7 Qc5 19. Bxa8 exd4 20. b4 Nxb4 21. a3 Na6 22. Bd5 d3+ 23. Kg2 Bxb2 24. Rb1 Qxa3 25. Qd2 Bf6 26. f5 Kg7 27. fxg6 hxg6 28. Rf1 Qc3 29. Qxc3 Bxc3 30. Rb3 Bf6 31. Rxd3 Nb4 32. Rd2 Nxd5 33. Rxd5 Nc5 34. Rd6 Be5 35. Rd5 Bf6 36. Rd6 Be7 37. Rd5 Rc8 38. h4 a5 39. Rb1 Rc6 40. Kf3 Na4 41. Rd4 Bf6 42. Rg4 Re6 43. Rb3 Nc5 44. Ra3 a4 45. Ra2 Re1 46. Rf4 Be5 0-1

[Event "46th GRE-chT Premier 2018"]
[Site "Rio Achaia"]
[Date "2018.07.14"]
[Round "6"]
[White "Videnova, Iva"]
[Black "Zimina, Olga"]
[Result "0-1"]
[WhiteElo "2369"]
[BlackElo "2411"]
[Annotator "TA"]
[PlyCount "64"]
[EventDate "2018.07.10"]
[EventType "team-tourn"]
[EventCountry "GRE"]
[SourceTitle "playchess.com"]
[Source "ChessBase"]
[SourceQuality "1"]

1. e4 c6 2. d4 d5 3. Nd2 dxe4 4. Nxe4 Bf5 5. Ng3 Bg6 6. h4 h6 7. Nf3 Nd7 8. h5 Bh7 9. Bd3 Bxd3 10. Qxd3 e6 11. Bd2 Ngf6 12. O-O-O Bd6 13. Ne4 Nxe4 14. Qxe4 Nf6 15. Qe2 Bc7 16. c4 b5 17. Bb4 bxc4 18. Qxc4 Qd5 19. b3 a5 20. Ba3 Ne4 21. Rdf1 a4 22. Qxd5 cxd5 23. Kb2 Ba5 24. bxa4 f6 25. Rh3 Bc3+ 26. Kb3 Kf7 27. Bb4 Bxb4 28. Kxb4 Rhc8 29. Ka3 Rab8 30. a5 Rc3+ 31. Ka4 Rc4+ 32. Ka3 Nc3 0-1

[Event "46th GRE-chT Premier 2018"]
[Site "Rio Achaia"]
[Date "2018.07.14"]
[Round "6"]
[White "Galopoulos, Nikolaos"]
[Black "Drakoulakos, Grigorios"]
[Result "1/2-1/2"]
[WhiteElo "2351"]
[BlackElo "2276"]
[Annotator "NA"]
[PlyCount "76"]
[EventDate "2018.07.10"]
[EventType "team-tourn"]
[EventCountry "GRE"]
[SourceTitle "playchess.com"]
[Source "ChessBase"]
[SourceQuality "1"]

1. c4 Nf6 2. Nc3 g6 3. d4 Bg7 4. e4 d6 5. h3 O-O 6. Be3 e5 7. d5 Na6 8. Bd3 c6 9. Nge2 cxd5 10. cxd5 Nh5 11. g4 Nf4 12. Nxf4 exf4 13. Bxf4 Nc5 14. O-O h5 15. Be2 Bxc3 16. bxc3 Qf6 17. Qc1 Nxe4 18. g5 Qf5 19. Bd3 Qxd5 20. Qe3 Re8 21. Rfd1 Bf5 22. Bxe4 Qxe4 23. Rxd6 Bxh3 24. Qxe4 Rxe4 25. Be3 Be6 26. a3 Bg4 27. Rb1 Bf3 28. Rb4 Rxb4 29. cxb4 Bc6 30. Kh2 a6 31. Bd4 Kf8 32. Bf6 Ke8 33. Kg3 Rc8 34. Rd3 Bd7 35. Re3+ Be6 36. Rd3 Bd7 37. Re3+ Be6 38. Rd3 Bd7 1/2-1/2

[Event "46th GRE-chT Premier 2018"]
[Site "Rio Achaia"]
[Date "2018.07.14"]
[Round "6"]
[White "Mitsis, Georgios"]
[Black "Boruchovsky, Avital"]
[Result "1/2-1/2"]
[WhiteElo "2350"]
[BlackElo "2558"]
[Annotator "TA"]
[PlyCount "66"]
[EventDate "2018.07.10"]
[EventType "team-tourn"]
[EventCountry "GRE"]
[SourceTitle "playchess.com"]
[Source "ChessBase"]
[SourceQuality "1"]

1. d4 Nf6 2. Nf3 e6 3. c4 Bb4+ 4. Nbd2 O-O 5. e3 d5 6. Bd3 dxc4 7. Bxc4 b6 8. O-O Bb7 9. a3 Bd6 10. b4 a5 11. b5 Nbd7 12. Bb2 Qe7 13. Re1 Rad8 14. Qc2 e5 15. e4 Nh5 16. Bd5 Ba8 17. g3 Qf6 18. Qd1 Bxd5 19. exd5 exd4 20. Nxd4 Qg6 21. N2f3 Rde8 22. Nh4 Rxe1+ 23. Qxe1 Qg4 24. Ndf5 Nhf6 25. Qd2 Re8 26. h3 Re2 27. Qc1 Qxh3 28. Qg5 Bf8 29. Nh6+ Kh8 30. Nxf7+ Kg8 31. Nh6+ Kh8 32. Nf7+ Kg8 33. Nh6+ Kh8 1/2-1/2

[Event "46th GRE-chT Premier 2018"]
[Site "Rio Achaia"]
[Date "2018.07.14"]
[Round "6"]
[White "Hristodoulou, Panagiotis"]
[Black "Hrisomalis, Theodoros"]
[Result "1/2-1/2"]
[WhiteElo "2329"]
[BlackElo "2163"]
[Annotator "NA"]
[PlyCount "157"]
[EventDate "2018.07.10"]
[EventType "team-tourn"]
[EventCountry "GRE"]
[SourceTitle "playchess.com"]
[Source "ChessBase"]
[SourceQuality "1"]

1. e4 e5 2. Nf3 Nf6 3. Nc3 Bb4 4. Nxe5 O-O 5. Be2 Re8 6. Nd3 Bxc3 7. dxc3 Nxe4 8. Nf4 d6 9. O-O Nd7 10. c4 Ndf6 11. f3 Nc5 12. b3 Qe7 13. Rf2 Qe5 14. Rb1 b6 15. Qd2 Bb7 16. Bb2 Qg5 17. Bf1 Ne6 18. Nd3 Qxd2 19. Rxd2 Nd7 20. Kf2 Ndc5 21. Nb4 Nf4 22. a3 a5 23. Na2 Bc6 24. Nc3 Ng6 25. Nd5 Bxd5 26. cxd5 Re7 27. g3 Nd7 28. Bb5 Nf6 29. Rbd1 Ne5 30. Re2 Ng6 31. Rde1 Kf8 32. c4 Rxe2+ 33. Rxe2 Rd8 34. Bc3 Ne7 35. f4 h6 36. Kf3 Ng6 37. h3 Ne7 38. g4 Ng6 39. Kg3 Ne7 40. h4 h5 41. Bxf6 gxf6 42. f5 hxg4 43. Kxg4 Ng8 44. h5 Kg7 45. Kf4 Kh6 46. Bc6 Rc8 47. b4 Rb8 48. Be8 Kg7 49. Rg2+ Kf8 50. Bc6 Nh6 51. Rb2 axb4 52. axb4 Ke7 53. Re2+ Kf8 54. Re1 Ng8 55. Ra1 Ke7 56. Ra7 Kd8 57. Kf3 Nh6 58. Ke4 Rc8 59. Kf4 Rb8 60. Bb5 Ng8 61. Ba4 Nh6 62. Bc6 Rc8 63. b5 Ke7 64. Ke4 Ng8 65. Kf3 Nh6 66. Kf4 Ng8 67. Ra1 Nh6 68. Re1+ Kf8 69. Re2 Ng8 70. Re3 Nh6 71. Rh3 Ke7 72. Re3+ Kf8 73. Ra3 Ke7 74. Ra7 Ng8 75. Bb7 Rb8 76. Ba8 Rc8 77. Bb7 Rb8 78. Ba6 Kd7 79. Bb7 1/2-1/2

[Event "46th GRE-chT Premier 2018"]
[Site "Rio Achaia"]
[Date "2018.07.14"]
[Round "6"]
[White "Kofidis, Andreas"]
[Black "Papadopoulos, Georgios"]
[Result "1-0"]
[WhiteElo "2321"]
[BlackElo "2352"]
[Annotator "NA"]
[PlyCount "63"]
[EventDate "2018.07.10"]
[EventType "team-tourn"]
[EventCountry "GRE"]
[SourceTitle "playchess.com"]
[Source "ChessBase"]
[SourceQuality "1"]

1. e4 e5 2. Nf3 Nc6 3. Bc4 Nf6 4. d3 Be7 5. c3 O-O 6. Bb3 d6 7. Nbd2 Na5 8. Bc2 c5 9. Nf1 Qc7 10. Qe2 b5 11. Ng3 Be6 12. O-O Rad8 13. Ng5 Bc8 14. f4 Bg4 15. Qf2 exf4 16. Bxf4 Nh5 17. Nxh5 Bxh5 18. Qg3 Qd7 19. h3 d5 20. Rae1 d4 21. e5 Bxg5 22. Qxg5 Bg6 23. e6 fxe6 24. Qxc5 dxc3 25. bxc3 Bxd3 26. Rd1 Rf5 27. Qe3 Rd5 28. Rxd3 Rxd3 29. Bxd3 e5 30. Bxe5 Qxd3 31. Qxa7 Nb7 32. Qxb7 1-0

[Event "46th GRE-chT Premier 2018"]
[Site "Rio Achaia"]
[Date "2018.07.14"]
[Round "6"]
[White "Argiroudis, Stamatis"]
[Black "Skembris, Spyridon"]
[Result "1/2-1/2"]
[WhiteElo "2306"]
[BlackElo "2393"]
[Annotator "NA"]
[PlyCount "65"]
[EventDate "2018.07.10"]
[EventType "team-tourn"]
[EventCountry "GRE"]
[SourceTitle "playchess.com"]
[Source "ChessBase"]
[SourceQuality "1"]

1. d4 Nf6 2. Nf3 c5 3. d5 g6 4. Nc3 Bg7 5. e4 O-O 6. e5 Ng4 7. Bf4 d6 8. exd6 exd6 9. Be2 Re8 10. O-O a6 11. a4 Nd7 12. Nd2 Nge5 13. Nde4 Qe7 14. Qd2 f5 15. Ng5 Nf8 16. Rfe1 Bd7 17. Bf1 Qf6 18. a5 h6 19. Ne6 Nf7 20. Nxg7 Kxg7 21. Be3 g5 22. f4 Ng6 23. g3 Kh7 24. Kh1 gxf4 25. gxf4 Re7 26. Bf2 Rae8 27. Rxe7 Rxe7 28. Re1 Rxe1 29. Bxe1 Qd4 30. Qxd4 cxd4 31. Ne2 Bb5 32. Bd2 Ne7 33. Kg1 1/2-1/2

[Event "46th GRE-chT Premier 2018"]
[Site "Rio Achaia"]
[Date "2018.07.14"]
[Round "6"]
[White "Tsanas, Athanasios"]
[Black "Gouloutis, Nikolaos"]
[Result "0-1"]
[WhiteElo "2302"]
[BlackElo "2382"]
[Annotator "NA"]
[PlyCount "82"]
[EventDate "2018.07.10"]
[EventType "team-tourn"]
[EventCountry "GRE"]
[SourceTitle "playchess.com"]
[Source "ChessBase"]
[SourceQuality "1"]

1. Nf3 Nf6 2. c4 e6 3. g3 d5 4. Bg2 d4 5. e3 c5 6. exd4 cxd4 7. O-O Nc6 8. Re1 Bd6 9. d3 h6 10. b3 O-O 11. Ba3 a5 12. Bxd6 Qxd6 13. Qc1 Qc5 14. Na3 e5 15. Nb5 Bf5 16. Qd2 Rad8 17. a3 e4 18. Nh4 exd3 19. Nxf5 Qxf5 20. Rad1 Ne5 21. h3 Nf3+ 22. Bxf3 Qxf3 23. Qxd3 Qh5 24. Kg2 Rd7 25. Rd2 Qc5 26. Red1 Rfd8 27. Re1 Nh7 28. f4 Nf8 29. Re5 Qc6+ 30. Qf3 a4 31. bxa4 Qxc4 32. f5 Nh7 33. Qd1 Ng5 34. Rd3 f6 35. Re1 Qd5+ 36. Kh2 Qxf5 37. g4 Qf4+ 38. Kg2 Nf7 39. Qb3 Kh8 40. Qd1 Ne5 41. Rg3 Rc8 0-1

[Event "46th GRE-chT Premier 2018"]
[Site "Rio Achaia"]
[Date "2018.07.14"]
[Round "6"]
[White "Antova, Gabriela"]
[Black "Radeva, Viktoria"]
[Result "1/2-1/2"]
[WhiteElo "2301"]
[BlackElo "2274"]
[Annotator "NA"]
[PlyCount "80"]
[EventDate "2018.07.10"]
[EventType "team-tourn"]
[EventCountry "GRE"]
[SourceTitle "playchess.com"]
[Source "ChessBase"]
[SourceQuality "1"]

1. d4 d5 2. c4 e6 3. Nf3 Nf6 4. Nc3 c6 5. e3 Nbd7 6. Qc2 Bd6 7. Bd3 O-O 8. O-O dxc4 9. Bxc4 e5 10. h3 h6 11. Rd1 Qc7 12. Bb3 Re8 13. Nh4 exd4 14. exd4 Nf8 15. Bd2 Be6 16. Rac1 Bh2+ 17. Kh1 Bf4 18. Nf3 Rad8 19. Bxf4 Qxf4 20. Bxe6 Nxe6 21. Ne2 Qd6 22. Ng3 Qd5 23. b3 Nf4 24. Qc4 Ne4 25. Nxe4 Qxe4 26. Re1 Qg6 27. Qf1 Qf5 28. Rc5 Rxe1 29. Qxe1 Qg6 30. Qf1 Qf6 31. Qd1 b6 32. Re5 Ne6 33. Qe1 g6 34. Qe4 Rd6 35. Kg1 Kg7 36. Qe3 Qd8 37. Re4 c5 38. dxc5 Nxc5 39. Re7 Rd1+ 40. Kh2 Qd6+ 1/2-1/2

[Event "46th GRE-chT Premier 2018"]
[Site "Rio Achaia"]
[Date "2018.07.14"]
[Round "6"]
[White "Dimitrov, Atanas"]
[Black "Sandalakis, Nikolaos"]
[Result "1/2-1/2"]
[WhiteElo "2294"]
[BlackElo "2209"]
[Annotator "NA"]
[PlyCount "35"]
[EventDate "2018.07.10"]
[EventType "team-tourn"]
[EventCountry "GRE"]
[SourceTitle "playchess.com"]
[Source "ChessBase"]
[SourceQuality "1"]

1. Nf3 Nf6 2. g3 d5 3. Bg2 c6 4. c4 g6 5. b3 Bg7 6. Bb2 O-O 7. O-O a5 8. Nc3 d4 9. Na4 Ng4 10. e3 e5 11. exd4 exd4 12. Re1 Na6 13. c5 Be6 14. d3 Re8 15. Qd2 Bh6 16. Qd1 Bg7 17. Qd2 Bh6 18. Qd1 1/2-1/2